000 01383nam0a22003371 4500
001 rc\2272496
005 20170918142845.0
035 _a(NLR Aleph) 006547735
090 _a6706008
_c6706008
100 _a20110829d1979 |||y0rusy50 ca
101 0 _arus
102 _aRU
105 _aa z |||||
200 1 _aСочинения
_fК.Н. Батюшков
_g[Вступ. статья, с. 5-30, и сост. В.В. Гуры
_gПодгот. текста и примеч. В.В. Гуры, В.А. Кошелева]
210 _aАрхангельск
_cСев.-Зап. кн. изд-во. Вологод. отд-ние
_d1979
215 _a400 с., 8 л. ил.
_cил.
_d20
225 1 _aРусский Север
320 _aБиблиогр. в примеч.: с. 358-373
686 _aШ5(2-Р)51-6я44
_2rubbk
700 1 _aБатюшков
_bК. Н.
_f1787-1855
_gКонстантин Николаевич
_3RU\NLR\AUTH\774389
702 1 _aГура
_bВ. В.
_gВиктор Васильевич
_4080
_4220
_4212
702 1 _aКошелев
_bВ. А.
_f1950-2020
_gВячеслав Анатольевич
_3RU\NLR\AUTH\7769690
_4212
801 0 _aRU
_bNLR
_gpsbo
801 1 _aRU
_bELAR
_2rusmarc
852 _aNLR
_j80-3/1006
899 _aRuMoRGB
_jB 79-21/274
899 _aRuMoRGB
_jB 79-21/275
899 _aRuMoRGB
_jФ 1-79/15328
942 _cBOOK
980 _aNB